000 00332nam a22001457a 4500
003 SGT
020 _a938426684-1
082 _a615.1
_bCHI
100 _aCHIKHALE, HEMANT U.
245 _aPHARMACEUTICAL INORGANIC CHEMISTRY
260 _aINDIA
_bBIRLA PUB.
_c2027
300 _a76
650 _aPHARMACEUTICAL
942 _2ddc
_cBK
999 _c32960
_d32960